[Event "Napoli Giglio Memorial"]
[Site "Napoli"]
[Date "2015.09.17"]
[Round "2"]
[White "Cuccaro, Giuseppina"]
[Black "Esposito, Giuseppe"]
[Result "0-1"]
[WhiteElo "1398"]
[BlackElo "1769"]
[PlyCount "74"]
[EventDate "2015.09.10"]
[EventType "swiss"]
[EventRounds "4"]
[EventCountry "ITA"]
[SourceTitle "EXT 2024"]
[Source "ChessBase"]
[SourceDate "2023.10.10"]
[SourceVersion "1"]
[SourceVersionDate "2023.10.10"]
[SourceQuality "1"]

1. d4 d5 2. c4 e6 3. Nc3 Nf6 4. Nf3 Nbd7 5. cxd5 exd5 6. e3 c6 7. Bd3 Bd6 8. Qc2 h6 9. 0-0 0-0 10. Re1 Re8 11. e4 dxe4 12. Nxe4 Nxe4 13. Bxe4 Nf6 14. Bd2 Bg4 15. Qd3 Qd7 16. Ne5 Qc7 17. Bc3 Rad8 18. Qg3 Bc8 19. Re3 Nxe4 20. Rxe4 f6 21. Rh4 fxe5 22. Rxh6 exd4 23. Rxd6 Qxd6 24. Qxd6 Rxd6 25. Bb4 Rd5 26. Rd1 d3 27. h3 Re2 28. Bc3 Bf5 29. g4 Be4 30. h4 Bf3 31. g5 Rxb2 32. Re1 Rxa2 33. Rb1 d2 34. Rxb7 d1Q+ 35. Kh2 Qh1+ 36. Kg3 Qg2+ 37. Kf4 Qg4+ 0-1

[Event "Napoli Giglio Memorial"]
[Site "Napoli"]
[Date "2015.09.10"]
[Round "1"]
[White "Di Gennaro, Antonio"]
[Black "Cuccaro, Giuseppina"]
[Result "1/2-1/2"]
[WhiteElo "1666"]
[BlackElo "1398"]
[PlyCount "101"]
[EventDate "2015.09.10"]
[EventType "swiss"]
[EventRounds "4"]
[EventCountry "ITA"]
[SourceTitle "EXT 2024"]
[Source "ChessBase"]
[SourceDate "2023.10.10"]
[SourceVersion "1"]
[SourceVersionDate "2023.10.10"]
[SourceQuality "1"]

1. e4 c6 2. d4 d5 3. e5 Bf5 4. Nf3 e6 5. Be2 Ne7 6. 0-0 Ng6 7. b3 Be7 8. c4 0-0 9. Na3 Nh4 10. Nxh4 Bxh4 11. g3 Be7 12. Nc2 Bh3 13. Re1 Nd7 14. Bg4 Bxg4 15. Qxg4 f6 16. exf6 Rxf6 17. Rxe6 Qf8 18. Rxf6 Nxf6 19. Qe2 Re8 20. Be3 Ne4 21. Qf1 Bg5 22. f4 Be7 23. cxd5 cxd5 24. Qb5 Nc3 25. Qxb7 Rc8 26. Kh1 Qf5 27. Ne1 Qe4+ 28. Ng2 Re8 29. Qa6 Bf6 30. Qf1 Rb8 31. Qf2 Rb4 32. Rc1 Bxd4 33. Qc2 Bxe3 34. Qxe4 Rxe4 35. Rxc3 Bf2 36. Rd3 d4 37. Rd2 Be3 38. Nxe3 dxe3 39. Re2 Rd4 40. Rxe3 Rd1+ 41. Kg2 Rd2+ 42. Kh3 Rxa2 43. g4 Kf7 44. g5 Ra3 45. Kg4 a5 46. Kf3 Kg6 47. Ke4 Ra1 48. Rd3 Re1+ 49. Kf3 Rf1+ 50. Ke4 Kh5 51. Rf3 1/2-1/2

[Event "Napoli Sociale op"]
[Site "Napoli"]
[Date "2015.06.04"]
[Round "1"]
[White "Esposito, Rosario"]
[Black "Cuccaro, Giuseppina"]
[Result "1-0"]
[WhiteElo "1825"]
[BlackElo "1374"]
[PlyCount "69"]
[EventDate "2015.06.04"]
[EventType "swiss"]
[EventRounds "7"]
[EventCountry "ITA"]
[SourceTitle "EXT 2017"]
[Source "ChessBase"]
[SourceDate "2016.10.25"]
[SourceVersion "1"]
[SourceVersionDate "2016.10.25"]
[SourceQuality "1"]

1. d4 Nf6 2. c4 g6 3. Nc3 d5 4. Bf4 Bg7 5. e3 c6 6. Nf3 Bg4 7. h3 Bf5 8. g4 Be4 9. cxd5 cxd5 10. Qa4+ Nbd7 11. Nxe4 Nxe4 12. Bb5 a6 13. Bxd7+ Qxd7 14. Qxd7+ Kxd7 15. Ke2 Rhd8 16. Rac1 Rac8 17. Ne5+ Ke8 18. Nd3 e6 19. f3 Nf6 20. Nc5 Nd7 21. Nxb7 Rxc1 22. Rxc1 Ra8 23. Nd6+ Ke7 24. Rc7 Rb8 25. b3 f6 26. Nb7 e5 27. dxe5 fxe5 28. Bg5+ Ke6 29. Nd8+ Rxd8 30. Bxd8 Kd6 31. Ra7 Bh6 32. Rxa6+ Kc5 33. Bh4 g5 34. Rxh6 gxh4 35. Rxh7 1-0